Pro Wrestlers by High School Photo - Statistics

General Stats
  • This quiz has been taken 134 times
  • The average score is 13 of 24
Answer Stats
Picture Answer % Correct
John Cena
89%
Brock Lesnar
85%
The Rock
84%
Bella Twins
78%
Roman Reigns
75%
The Miz
72%
Randy Orton
69%
Bayley
68%
Edge
68%
Seth Rollins
64%
Alexa Bliss
56%
Charlotte Flair
53%
The Undertaker
53%
Stone Cold Steve Austin
45%
Hulk Hogan
43%
Ric Flair
42%
CM Punk
40%
Triple H
34%
Mick Foley
33%
Stacy Kiebler
31%
The Big Show
26%
Goldberg
25%
Kevin Nash
25%
Randy Savage
16%
No matching quizzes found
Score Distribution
Percent of People with Each Score
Percentile by Number Answered
Your Score History
You have not taken this quiz